埼玉県内1面1線の駅 - Statistics

General Stats
  • This quiz has been taken 59 times
  • The average score is 11 of 20
Answer Stats
Hint Answer % Correct
JR 竹沢
78%
私鉄 みなみ寄居
72%
JR 西川越
68%
JR 用土
64%
JR 丹荘
64%
JR 笠幡
62%
JR 折原
62%
JR 松久
60%
私鉄 玉淀
54%
私鉄 ソシオ流通センター
52%
私鉄 西大家
46%
私鉄 東行田
46%
私鉄 上熊谷
46%
私鉄 西羽生
44%
私鉄 ひろせ野鳥の森
44%
私鉄 ふかや花園
44%
私鉄 武州唐沢
42%
私鉄 白久
38%
私鉄 浦山口
36%
私鉄 西武園ゆうえんち
32%
No matching quizzes found
Score Distribution
Percent of People with Each Score
Percentile by Number Answered
Your Score History
You have not taken this quiz